| 000 | 01228nam a2200229Ia 4500 | ||
|---|---|---|---|
| 003 | Ost | ||
| 005 | 20260507075510.0 | ||
| 008 | 260507s9999||||xx |||||||||||||| ||und|| | ||
| 020 | _a9789953463650 | ||
| 040 | _cfsecg | ||
| 041 | _aara | ||
| 082 | _a658.8 | ||
| 100 |
_aقيو، كاترين _eمؤلف |
||
| 245 | 0 |
_aالتسويق : _bمعرفة السوق والمستهلكين-من الدراسة التسويقية إلى الخيارات الإستراتيجية-المزيج التسويقي / _c كاترين قيو |
|
| 260 |
_aبيروت: _bمجد المؤسسة الجامعية للدراسات والنشر, _c2008 |
||
| 300 |
_a311 صفحة؛ _bإيضاحات ؛ _c25 سم |
||
| 504 | _aببليوغرافيا:ص ص.305-308 | ||
| 520 | _aمدخل إلى التسويق،السوق والفعاليات،سلوك المستهلك،الدراسة التسويقية،التجزئة التسويقية،الإستهداف وتحديد الموقع،سياسة المنتج،سياسة الماركة،سياسة التسعير،سياسة الإتصال وتنمية المبيعات،التوزيع | ||
| 653 | _aالتسويق | ||
| 700 |
_aواشد، وردية _eمؤلف ثانوي |
||
| 942 | _cكتاب | ||
| 999 |
_c44731 _d44731 |
||